000 01542nam a2200265Ia 4500
003 OSt
005 20220930094820.0
006 a|||||r|||| 00| 0
007 ta
008 220926b |||||||| |||| 00| 0 hin d
024 _a20529
037 _cTheses
040 _aCRL
_cCRL
_bhin
041 _2hin
_ahin
100 _aपाठक, प्रभाकर नारायाण
_9167283
110 _aदिल्ली विश्वविद्यालय. संगीत एवं ललित कला संकाय. संगीत एवं ललित कला विभाग
_9556362
245 0 _aमल्लिक घराना दरभंगा घराना के ध्रपुद गायक पं. क्षितिपाल मल्लिक का व्याक्तित्व और कृतित्व
246 _aMallik gharānā darabhangā gharānā ke dhrapud gāyak pan. Kṣhitipāl mallik kā vyāktitva aur kṛutitva
260 _c2014
650 _aसंगीत शास्त्र
700 _a प्रो. मधुबाला सक्सेना, गा.
_9556363
700 _aदिल्ली विश्वविद्यालय. संगीत एवं ललित कला संकाय. संगीत एवं ललित कला विभाग
_9556364
942 _cDIS
_2CC
999 _c887721
_d887721